[Event "Paris ch 2005"]
[Site "Paris FRA"]
[Date "2005.07.17"]
[Round "9.8"]
[White "Spiridonov, Nikola"]
[Black "Fressinet, Laurent"]
[Result "0-1"]
[WhiteElo "2381"]
[BlackElo "2627"]
[PlyCount "54"]
[EventDate "2005.07.09"]
[EventType "swiss"]
[EventRounds "9"]
[EventCountry "FRA"]
[Source "lmi"]
[SourceDate "2005.07.17"]

1. d4 g6 2. Nf3 Bg7 3. c3 d6 4. e4 Nf6 5. Bd3 O-O 6. O-O Nc6 7. Nbd2 e6 8. Re1
Nh5 9. a4 b6 10. Bf1 Bb7 11. Nc4 Nf6 12. e5 Nd5 13. Bg5 Qd7 14. Qc1 f6 15. exf6
Nxf6 16. Bh6 Rae8 17. Bxg7 Kxg7 18. Ncd2 Nh5 19. Qc2 Qf7 20. Ne4 h6 21. Re3 e5
22. dxe5 Nxe5 23. Nxe5 Rxe5 24. Rae1 Qf5 25. Bd3 Nf4 26. Ng3 Qxd3 27. Rxd3
Rxe1+ 0-1

[Event "Paris ch 2005"]
[Site "Paris FRA"]
[Date "2005.07.17"]
[Round "9.9"]
[White "Meinhardt, Maximilian"]
[Black "Tregubov, Pavel V"]
[Result "1/2-1/2"]
[WhiteElo "2324"]
[BlackElo "2607"]
[PlyCount "100"]
[EventDate "2005.07.09"]
[EventType "swiss"]
[EventRounds "9"]
[EventCountry "FRA"]
[Source "lmi"]
[SourceDate "2005.07.17"]

1. e4 c5 2. Nf3 e6 3. d4 cxd4 4. Nxd4 Nc6 5. Nc3 a6 6. g3 d6 7. Bg2 Bd7 8. O-O
Nf6 9. Re1 Be7 10. Nxc6 Bxc6 11. a4 O-O 12. Bf4 Rc8 13. a5 Qc7 14. Re2 Ng4 15.
Rd2 Ne5 16. b3 f5 17. Nd5 exd5 18. exd5 Be8 19. Bxe5 dxe5 20. d6 Bxd6 21. Rxd6
e4 22. c4 Bc6 23. Ra2 Rce8 24. b4 f4 25. gxf4 Rxf4 26. Rad2 Qe7 27. Rd8 Qxb4
28. Rxe8+ Bxe8 29. Rd8 Kf8 30. Bxe4 Qc5 31. Bxb7 Qxf2+ 32. Kh1 Rf6 33. Qg1 Qe2
34. Qc5+ Kg8 35. Bd5+ Kh8 36. Bg2 h6 37. Qd4 Qe1+ 38. Qg1 Qe7 39. Qd4 Re6 40.
h3 Kh7 41. c5 Re1+ 42. Kh2 Re2 43. Rd6 Bb5 44. Qg4 Qe5+ 45. Qg3 Qe8 46. c6
Rxg2+ 47. Qxg2 Qe5+ 48. Qg3 Qe2+ 49. Qg2 Qe5+ 50. Qg3 Qe2+ 1/2-1/2

[Event "Paris ch 2005"]
[Site "Paris FRA"]
[Date "2005.07.17"]
[Round "9.10"]
[White "Sher, Miron N"]
[Black "Shchekachev, Andrei"]
[Result "1/2-1/2"]
[WhiteElo "2420"]
[BlackElo "2570"]
[PlyCount "95"]
[EventDate "2005.07.09"]
[EventType "swiss"]
[EventRounds "9"]
[EventCountry "FRA"]
[Source "lmi"]
[SourceDate "2005.07.17"]

1. c4 Nf6 2. Nc3 e5 3. Nf3 Nc6 4. a3 g6 5. e3 Bg7 6. Be2 O-O 7. d3 d5 8. cxd5
Nxd5 9. Qc2 b6 10. O-O Bb7 11. Nxd5 Qxd5 12. b4 Rac8 13. Rd1 Rfe8 14. Rb1 Nb8
15. Bb2 c5 16. b5 Nd7 17. Qc4 Qd6 18. Nd2 Bd5 19. Qc2 f5 20. Bf3 Bf7 21. e4 f4
22. Bg4 Rcd8 23. Nc4 Qc7 24. Bxd7 Qxd7 25. f3 g5 26. Qe2 Qxb5 27. Bxe5 Qd7 28.
Qb2 Bxe5 29. Nxe5 Qd4+ 30. Qxd4 Rxd4 31. Nxf7 Kxf7 32. Kf2 Red8 33. Ke2 Ke6 34.
Rbc1 Ke5 35. Rc3 h5 36. g3 Rf8 37. Rg1 g4 38. gxf4+ Rxf4 39. fxg4 hxg4 40. h3
gxh3 41. Rg5+ Ke6 42. Rh5 c4 43. Ke3 Rxd3+ 44. Rxd3 cxd3 45. Kxf4 d2 46. Re5+
Kf6 47. Rf5+ Ke6 48. Re5+ 1/2-1/2

[Event "Paris ch 2005"]
[Site "Paris FRA"]
[Date "2005.07.17"]
[Round "9.12"]
[White "Reinaldo Castineira, Roi"]
[Black "Perez, Rodney"]
[Result "0-1"]
[WhiteElo "2447"]
[BlackElo "2442"]
[PlyCount "104"]
[EventDate "2005.07.09"]
[EventType "swiss"]
[EventRounds "9"]
[EventCountry "FRA"]
[Source "lmi"]
[SourceDate "2005.07.17"]

1. c4 c6 2. Nc3 d5 3. d4 Nf6 4. e3 a6 5. Qc2 e6 6. Nf3 c5 7. cxd5 exd5 8. dxc5
Bxc5 9. Be2 Nc6 10. O-O Be6 11. Rd1 Qe7 12. a3 Rc8 13. Qa4 O-O 14. b4 Bd6 15.
Bb2 Ne5 16. Rac1 Nc4 17. Ba1 Nxe3 18. fxe3 Bd7 19. Qc2 Qxe3+ 20. Kh1 Ng4 21.
Rf1 d4 22. Rcd1 Nxh2 23. Rxd4 Nxf1 24. Bxf1 Rc6 25. Rh4 f5 26. Qd2 Qxd2 27.
Nxd2 Be5 28. Bc4+ Be6 29. Bxe6+ Rxe6 30. Nf3 Bg3 31. Rd4 Bf2 32. Rd3 f4 33. g3
fxg3 34. Kg2 h6 35. Nd5 Re2 36. Kf1 Rxf3 37. Rxf3 Re1+ 38. Kg2 Rg1+ 39. Kh3
Rxa1 40. Ne7+ Kh7 41. Nf5 Rh1+ 42. Kg2 Rg1+ 43. Kh3 h5 44. Rd3 g5 45. Rd6 Re1
46. a4 g4+ 47. Kh4 g2+ 48. Kg5 Re5 49. Rd7+ Kg8 50. Kg6 Rxf5 51. Rd8+ Rf8 52.
Rd7 Bd4 0-1

[Event "Paris ch 2005"]
[Site "Paris FRA"]
[Date "2005.07.17"]
[Round "9.13"]
[White "Gozzoli, Yannick"]
[Black "Hess, Robert L"]
[Result "1/2-1/2"]
[WhiteElo "2444"]
[BlackElo "2278"]
[PlyCount "61"]
[EventDate "2005.07.09"]
[EventType "swiss"]
[EventRounds "9"]
[EventCountry "FRA"]
[Source "lmi"]
[SourceDate "2005.07.17"]

1. d4 Nf6 2. c4 e6 3. Nf3 Bb4+ 4. Bd2 Qe7 5. g3 Nc6 6. Nc3 O-O 7. Bg2 Bxc3 8.
Bxc3 Ne4 9. Rc1 a5 10. O-O d6 11. d5 Nxc3 12. Rxc3 Nb4 13. a3 Na6 14. Nd2 e5
15. f4 exf4 16. gxf4 f5 17. Nf3 Bd7 18. Nd4 Rae8 19. b3 Qf6 20. Rg3 Re7 21. Qd2
Nc5 22. e3 a4 23. b4 Nb3 24. Nxb3 axb3 25. Rb1 Ra8 26. Rxb3 Qa1+ 27. Bf1 Rxa3
28. Rxa3 Qxa3 29. Kg2 Qa1 30. c5 Re8 31. Bc4 1/2-1/2

[Event "Paris ch 2005"]
[Site "Paris FRA"]
[Date "2005.07.17"]
[Round "9.14"]
[White "Govciyan, Pavel"]
[Black "Sriram, Jha"]
[Result "0-1"]
[WhiteElo "2328"]
[BlackElo "2437"]
[PlyCount "120"]
[EventDate "2005.07.09"]
[EventType "swiss"]
[EventRounds "9"]
[EventCountry "FRA"]
[Source "lmi"]
[SourceDate "2005.07.17"]

1. d4 d5 2. c4 c6 3. Nc3 Nf6 4. e3 e6 5. Nf3 Nbd7 6. Qc2 Bd6 7. g4 Bb4 8. Bd2
Qe7 9. Bd3 e5 10. dxe5 Nxe5 11. Nxe5 Qxe5 12. f4 Qe7 13. O-O-O Bxg4 14. Rde1
dxc4 15. Bxc4 Be6 16. Be2 O-O-O 17. a3 Ba5 18. e4 Rxd2 19. Kxd2 Qd6+ 20. Ke3
Qc5+ 21. Kf3 Bb6 22. Rhf1 Qe3+ 23. Kg2 Bh3+ 24. Kh1 Bxf1 25. Rxf1 Rd8 26. e5
Rd2 27. Qf5+ Nd7 28. Bg4 Qd3 29. Qxd3 Rxd3 30. Ne4 Kc7 31. Nd6 f6 32. Bf5 Rd5
33. Ne8+ Kd8 34. Nxg7 fxe5 35. Bxh7 exf4 36. Ne6+ Ke7 37. Nxf4 Rd2 38. Re1+ Kd6
39. Re6+ Kc5 40. Re2 Rxe2 41. Nxe2 Bd8 42. Nc3 Ne5 43. Ne4+ Kd4 44. Nd2 Ke3 45.
Nb1 Be7 46. Kg2 Nc4 47. b4 Bf6 48. Bf5 Nd2 49. Nxd2 Kxd2 50. Be4 Kc3 51. b5
cxb5 52. Bxb7 Kb3 53. Ba6 Ka4 54. Kf3 Be7 55. Ke2 Bxa3 56. Kd3 Ka5 57. Bc8 Kb6
58. Bg4 Kc5 59. Bd1 Bb2 60. Kc2 Be5 0-1

[Event "Paris ch 2005"]
[Site "Paris FRA"]
[Date "2005.07.17"]
[Round "9.15"]
[White "Paredes Galan, Angel"]
[Black "Shirazi, Kamran"]
[Result "1-0"]
[WhiteElo "2334"]
[BlackElo "2410"]
[PlyCount "113"]
[EventDate "2005.07.09"]
[EventType "swiss"]
[EventRounds "9"]
[EventCountry "FRA"]
[Source "lmi"]
[SourceDate "2005.07.17"]

1. e4 c5 2. Nc3 Nf6 3. e5 Ng8 4. Nf3 Nc6 5. Bb5 Qc7 6. Nd5 Qb8 7. Bxc6 dxc6 8.
Ne3 g5 9. h3 Bg7 10. d4 h5 11. c3 g4 12. hxg4 hxg4 13. Rxh8 Bxh8 14. Qd3 Kf8
15. Nh4 cxd4 16. cxd4 Be6 17. Bd2 Bg7 18. Qh7 Nh6 19. O-O-O Qd8 20. Bc3 b5 21.
f4 a5 22. f5 Bd5 23. f6 exf6 24. Nhf5 Nxf5 25. Nxf5 Ke8 26. Qxg7 b4 27. Be1 Kd7
28. Nd6 Qg8 29. Qxf6 Qg6 30. Qxg6 fxg6 31. b3 Bxg2 32. Rd2 Bd5 33. Rh2 Rf8 34.
Rh7+ Ke6 35. Kd2 Rf4 36. Bg3 Rxd4+ 37. Ke3 Rd1 38. Nc8 Bf3 39. Re7+ Kd5 40.
Rd7+ Ke6 41. Rd6+ Rxd6 42. exd6 c5 43. Kd3 Bb7 44. Nb6 Ba6+ 45. Ke3 Bb5 46. Na8
Kd7 47. Nc7 Bf1 48. Nd5 Ke6 49. Kf2 Bd3 50. Nf4+ Kxd6 51. Nxd3+ Kd5 52. Nb2 Kd4
53. Bd6 Kc3 54. Be5+ Kc2 55. Nc4 Kb1 56. Nxa5 Kxa2 57. Bd6 1-0

[Event "Paris ch 2005"]
[Site "Paris FRA"]
[Date "2005.07.17"]
[Round "9.16"]
[White "Spielmann, Alain"]
[Black "Pelikian, Jefferson"]
[Result "1/2-1/2"]
[WhiteElo "2283"]
[BlackElo "2405"]
[PlyCount "20"]
[EventDate "2005.07.09"]
[EventType "swiss"]
[EventRounds "9"]
[EventCountry "FRA"]
[Source "lmi"]
[SourceDate "2005.07.17"]

1. Nf3 Nf6 2. c4 e6 3. Nc3 d5 4. cxd5 exd5 5. d4 c6 6. Bf4 Bd6 7. Bxd6 Qxd6 8.
e3 O-O 9. h3 Bf5 10. Bd3 Bxd3 1/2-1/2

[Event "Paris ch 2005"]
[Site "Paris FRA"]
[Date "2005.07.17"]
[Round "9.17"]
[White "Serafimov, Tervel"]
[Black "Garcia Castro, Pablo"]
[Result "0-1"]
[WhiteElo "2405"]
[BlackElo "2377"]
[PlyCount "64"]
[EventDate "2005.07.09"]
[EventType "swiss"]
[EventRounds "9"]
[EventCountry "FRA"]
[Source "lmi"]
[SourceDate "2005.07.17"]

1. c4 g6 2. g3 Bg7 3. Bg2 c5 4. Nc3 Nc6 5. e3 e6 6. Nge2 Nge7 7. Nf4 a6 8. Rb1
b5 9. cxb5 axb5 10. Nxb5 O-O 11. Nc3 Ba6 12. d3 d5 13. O-O Ne5 14. Re1 N7c6 15.
d4 cxd4 16. exd4 Nxd4 17. b4 Bc4 18. h4 Bxa2 19. Nxa2 Rxa2 20. b5 Qb6 21. Nd3
Nxd3 22. Qxd3 Nf5 23. Re2 Rxe2 24. Qxe2 Nxg3 25. Qe3 Qxe3 26. Bxe3 Ne2+ 27. Kf1
Nc3 28. Rb3 Ra8 29. Ke1 Ra1+ 30. Kd2 d4 31. Bxd4 Bxd4 32. b6 Rb1 0-1

[Event "Paris ch 2005"]
[Site "Paris FRA"]
[Date "2005.07.17"]
[Round "9.18"]
[White "Doucet, Christian"]
[Black "Calistri, Tristan"]
[Result "1/2-1/2"]
[WhiteElo "2277"]
[BlackElo "2389"]
[PlyCount "90"]
[EventDate "2005.07.09"]
[EventType "swiss"]
[EventRounds "9"]
[EventCountry "FRA"]
[Source "lmi"]
[SourceDate "2005.07.17"]

1. d4 Nf6 2. Nf3 g6 3. c4 Bg7 4. g3 d5 5. cxd5 Nxd5 6. Bg2 Nb6 7. O-O Nc6 8.
Nc3 Nxd4 9. Nxd4 Bxd4 10. Nb5 Be5 11. Qxd8+ Kxd8 12. Rd1+ Nd7 13. f4 a6 14. Nd4
Bd6 15. e4 e5 16. fxe5 Bxe5 17. Nf3 Bd6 18. Bg5+ Ke8 19. Rac1 h6 20. Bf6 Nxf6
21. e5 Be7 22. exf6 Bxf6 23. Rxc7 Bd8 24. Rcc1 Rb8 25. Ne5 Be6 26. Re1 Rg8 27.
Rcd1 Ke7 28. Kh1 Bc7 29. Nd3 Bd6 30. Bd5 Rge8 31. Bxe6 fxe6 32. Re2 b5 33. Nf2
Rbd8 34. Rde1 Kf7 35. Ne4 Bb4 36. Rf1+ Kg7 37. Kg2 Rf8 38. Rc1 Rd5 39. Rc6 Re5
40. Rxa6 g5 41. a4 g4 42. axb5 Bc5 43. h3 Rxe4 44. Rxe4 Rf2+ 45. Kh1 Rf1+
1/2-1/2

[Event "Paris ch 2005"]
[Site "Paris FRA"]
[Date "2005.07.17"]
[Round "9.19"]
[White "Greiff, Hakan"]
[Black "Marcelin, Cyril"]
[Result "0-1"]
[WhiteElo "2244"]
[BlackElo "2481"]
[PlyCount "82"]
[EventDate "2005.07.09"]
[EventType "swiss"]
[EventRounds "9"]
[EventCountry "FRA"]
[Source "lmi"]
[SourceDate "2005.07.17"]

1. e4 c6 2. d4 d5 3. exd5 cxd5 4. Bd3 Nc6 5. c3 Qc7 6. Nf3 Bg4 7. Nbd2 e6 8.
Nf1 Bh5 9. Ng3 Bg6 10. O-O Bd6 11. Re1 Nge7 12. a4 O-O 13. Nh4 Bxd3 14. Qxd3 a6
15. Bg5 Rab8 16. Nh5 Ng6 17. Qh3 Be7 18. Nxg6 hxg6 19. Bxe7 Nxe7 20. Ng3 b5 21.
axb5 axb5 22. Ne2 b4 23. Qd3 Nf5 24. g3 Nd6 25. Kg2 Rb7 26. h4 Qc4 27. Qf3 bxc3
28. bxc3 Ne4 29. h5 g5 30. Rh1 Rb2 31. Rae1 Kh7 32. h6 g6 33. Rh2 f5 34. Kh1
Rfb8 35. Qe3 Rb1 36. Ng1 g4 37. f3 Rxe1 38. Qxe1 Qxc3 39. Qd1 Nxg3+ 40. Kg2
Rb2+ 41. Kxg3 Qc7+ 0-1

[Event "Paris ch 2005"]
[Site "Paris FRA"]
[Date "2005.07.17"]
[Round "9.20"]
[White "Zaragatski, Ilja"]
[Black "Rrhioua, Tarik"]
[Result "1/2-1/2"]
[WhiteElo "2389"]
[BlackElo "2315"]
[PlyCount "42"]
[EventDate "2005.07.09"]
[EventType "swiss"]
[EventRounds "9"]
[EventCountry "FRA"]
[Source "lmi"]
[SourceDate "2005.07.17"]

1. e4 e6 2. d4 d5 3. Nd2 Nf6 4. e5 Nfd7 5. c3 c5 6. Bd3 Nc6 7. Ne2 cxd4 8. cxd4
f6 9. exf6 Nxf6 10. Nf3 Bd6 11. O-O Qc7 12. Bg5 O-O 13. Rc1 Bd7 14. Bh4 Rae8
15. Qc2 Bc8 16. Bb5 Bd7 17. Bg3 Ne4 18. Bxd6 Qxd6 19. Bxc6 Bxc6 20. Ng3 Rxf3
21. gxf3 Ng5 1/2-1/2

[Event "Paris ch 2005"]
[Site "Paris FRA"]
[Date "2005.07.17"]
[Round "9.21"]
[White "Becker, Martin"]
[Black "Nguyen, Chi-Minh"]
[Result "1/2-1/2"]
[WhiteElo "2310"]
[BlackElo "2371"]
[PlyCount "78"]
[EventDate "2005.07.09"]
[EventType "swiss"]
[EventRounds "9"]
[EventCountry "FRA"]
[Source "lmi"]
[SourceDate "2005.07.17"]

1. e4 e6 2. d4 d5 3. Nc3 Bb4 4. e5 Ne7 5. a3 Bxc3+ 6. bxc3 b6 7. h4 Ba6 8. Bxa6
Nxa6 9. h5 h6 10. a4 Qd7 11. Qg4 Nf5 12. Qf4 c5 13. g4 Ne7 14. a5 cxd4 15. axb6
axb6 16. cxd4 Qc6 17. Qd2 Kd7 18. Rh3 Rhc8 19. Rha3 Nc7 20. Rxa8 Rxa8 21. Rxa8
Qxa8 22. Qb4 Qa5 23. Ba3 Nb5 24. Qxa5 bxa5 25. Bxe7 Kxe7 26. Ne2 g5 27. Kd2 f6
28. Kd3 fxe5 29. dxe5 Na3 30. f4 gxf4 31. Nxf4 Nc4 32. Kd4 a4 33. Ng6+ Kf7 34.
Kc3 Ne3 35. Kb2 d4 36. Ka3 Nxc2+ 37. Kxa4 Ne3 38. Kb4 Nxg4 39. Kc4 Nxe5+
1/2-1/2

[Event "Paris ch 2005"]
[Site "Paris FRA"]
[Date "2005.07.17"]
[Round "9.22"]
[White "Ak Hirawan, Mohd Omar"]
[Black "Zozulia, Anna"]
[Result "0-1"]
[WhiteElo "2364"]
[BlackElo "2314"]
[PlyCount "98"]
[EventDate "2005.07.09"]
[EventType "swiss"]
[EventRounds "9"]
[EventCountry "FRA"]
[Source "lmi"]
[SourceDate "2005.07.17"]

1. e4 g6 2. d4 d6 3. Nc3 Nf6 4. f4 Bg7 5. Nf3 O-O 6. Bd3 Na6 7. O-O c5 8. d5
Rb8 9. Qe1 Nb4 10. Qh4 e6 11. dxe6 fxe6 12. e5 Nxd3 13. cxd3 Nd5 14. Qxd8 Rxd8
15. Ne4 Bf8 16. b3 b6 17. Nxd6 Ba6 18. Nc4 Nb4 19. Ng5 Bc8 20. Ba3 Nc2 21. Rac1
Nxa3 22. Nxa3 h6 23. Ne4 Rxd3 24. Rfd1 Ba6 25. Rxd3 Bxd3 26. Nf2 c4 27. Nxc4
Bc5 28. Nd6 Ba6 29. Nde4 Be3 30. Nf6+ Kh8 31. Rc7 Rb7 32. Rc8+ Kg7 33. g3 Rd7
34. Rc7 Rxc7 35. Ne8+ Kf7 36. Nxc7 Be2 37. Kg2 Ke7 38. Ne4 Kd7 39. Nc3 Bd3 40.
N7b5 Bd2 41. a4 a6 42. h4 axb5 43. Nxb5 Bc2 44. h5 g5 45. Nd4 Be4+ 46. Kf2 gxf4
47. Ke2 Bc3 48. Nb5 f3+ 49. Kf2 Bb4 0-1

[Event "Paris ch 2005"]
[Site "Paris FRA"]
[Date "2005.07.17"]
[Round "9.24"]
[White "Elbilia, Jacques"]
[Black "Romieux, Sebastien"]
[Result "1-0"]
[WhiteElo "2336"]
[BlackElo "2238"]
[PlyCount "101"]
[EventDate "2005.07.09"]
[EventType "swiss"]
[EventRounds "9"]
[EventCountry "FRA"]
[Source "lmi"]
[SourceDate "2005.07.17"]

1. Nf3 d5 2. d4 Nf6 3. c4 c6 4. e3 g6 5. Nc3 Bg7 6. Qb3 O-O 7. a4 Ne4 8. cxd5
Nxc3 9. bxc3 cxd5 10. Ba3 Nc6 11. Bb5 Bg4 12. Nd2 a6 13. Bd3 Na5 14. Qb2 Qd7
15. Qb6 Nc6 16. Nb3 Rab8 17. Nc5 Qd8 18. Rb1 Na5 19. Qxd8 Rfxd8 20. Nb3 Nxb3
21. Rxb3 Re8 22. Kd2 Bd7 23. Rhb1 Bxa4 24. Rxb7 Bb5 25. Rxb8 Rxb8 26. Bxe7 Bf8
27. Bxf8 Kxf8 28. e4 dxe4 29. Bxe4 Rd8 30. Bd3 Bc6 31. g3 a5 32. Rb6 Bg2 33.
Ra6 Rd5 34. Ke3 h5 35. c4 Rd7 36. Rxa5 Rb7 37. Rb5 Ra7 38. d5 Ke7 39. Rb2 Ra1
40. Rb7+ Kf6 41. Rb6+ Ke7 42. d6+ Kd7 43. c5 Ra3 44. Kd4 Ra4+ 45. Ke5 Bc6 46.
Bb5 Re4+ 47. Kf6 Bxb5 48. Rxb5 Re2 49. Rb7+ Kc8 50. Rxf7 Rxf2+ 51. Kxg6 1-0

[Event "Paris ch 2005"]
[Site "Paris FRA"]
[Date "2005.07.17"]
[Round "9.25"]
[White "Goldsztejn, Gildas"]
[Black "Guadalpi, David"]
[Result "1/2-1/2"]
[WhiteElo "2330"]
[BlackElo "2300"]
[PlyCount "41"]
[EventDate "2005.07.09"]
[EventType "swiss"]
[EventRounds "9"]
[EventCountry "FRA"]
[Source "lmi"]
[SourceDate "2005.07.17"]

1. e4 c5 2. Nf3 e6 3. d4 cxd4 4. Nxd4 Nc6 5. Nc3 Qc7 6. Ndb5 Qb8 7. Be3 a6 8.
Bb6 axb5 9. Nxb5 Bb4+ 10. c3 Ba5 11. Nc7+ Qxc7 12. Bxc7 Bxc7 13. g3 Nf6 14. Bg2
h5 15. O-O Ne5 16. h4 Nfg4 17. Qd4 Ra6 18. c4 Rd6 19. Qc3 Rd3 20. Qc2 g5 21. f4
1/2-1/2

[Event "Paris ch 2005"]
[Site "Paris FRA"]
[Date "2005.07.17"]
[Round "9.26"]
[White "Simon, Olivier"]
[Black "Philippe, Christophe"]
[Result "1/2-1/2"]
[WhiteElo "2315"]
[BlackElo "2411"]
[PlyCount "71"]
[EventDate "2005.07.09"]
[EventType "swiss"]
[EventRounds "9"]
[EventCountry "FRA"]
[Source "lmi"]
[SourceDate "2005.07.17"]

1. e4 c5 2. Nf3 Nc6 3. Bb5 g6 4. O-O Bg7 5. c3 Nf6 6. Re1 O-O 7. h3 d6 8. d4
Qb6 9. Bc4 cxd4 10. cxd4 Nd7 11. Be3 Qxb2 12. Nbd2 Qa3 13. Nb3 Nb6 14. Bb5 Na5
15. Qe2 a6 16. Bd3 Qa4 17. Nxa5 Qxa5 18. Bd2 Qh5 19. Rab1 Na4 20. Bc2 b5 21.
Bxa4 bxa4 22. Rec1 Be6 23. d5 Bd7 24. Rb7 Bb5 25. Qe3 Rae8 26. Nd4 Bxd4 27.
Qxd4 f6 28. Be3 Rf7 29. a3 g5 30. Qd1 Qg6 31. Qg4 f5 32. Qxg5 Qxg5 33. Bxg5
fxe4 34. Rcc7 Kf8 35. Bh6+ Kg8 36. Bg5 1/2-1/2

[Event "Paris ch 2005"]
[Site "Paris FRA"]
[Date "2005.07.17"]
[Round "9.27"]
[White "Bakhmatov, Eduard"]
[Black "Peyrat, Olivier"]
[Result "1/2-1/2"]
[WhiteElo "2373"]
[BlackElo "2265"]
[PlyCount "72"]
[EventDate "2005.07.09"]
[EventType "swiss"]
[EventRounds "9"]
[EventCountry "FRA"]
[Source "lmi"]
[SourceDate "2005.07.17"]

1. e4 e6 2. Nf3 d5 3. Nc3 Nf6 4. e5 Ne4 5. Ne2 Bc5 6. d4 Be7 7. Ng3 c5 8. Bd3
Qa5+ 9. c3 cxd4 10. Nxd4 Nc5 11. Bc2 Ncd7 12. f4 g6 13. O-O Nc6 14. Nge2 a6 15.
Be3 Qc7 16. Qd2 Nb6 17. b3 Bd7 18. a4 Nc8 19. Bd3 Nxd4 20. Nxd4 Na7 21. b4 Nc8
22. a5 Na7 23. Rfc1 O-O 24. Qf2 Nb5 25. Ne2 Rac8 26. Qg3 Qd8 27. Bb6 Qe8 28. h4
f5 29. exf6 Bxf6 30. h5 Kg7 31. hxg6 hxg6 32. Bc5 Rxc5 33. bxc5 e5 34. fxe5
Bxe5 35. Qg5 Bf6 36. Qg3 Be5 1/2-1/2

[Event "Paris ch 2005"]
[Site "Paris FRA"]
[Date "2005.07.17"]
[Round "9.29"]
[White "Blazkova, Petra"]
[Black "Salaun, Yann"]
[Result "1-0"]
[WhiteElo "2276"]
[BlackElo "2345"]
[PlyCount "59"]
[EventDate "2005.07.09"]
[EventType "swiss"]
[EventRounds "9"]
[EventCountry "FRA"]
[Source "lmi"]
[SourceDate "2005.07.17"]

1. e4 c5 2. Nf3 e6 3. d4 cxd4 4. Nxd4 Nc6 5. Nc3 a6 6. Be3 Nge7 7. Nb3 b5 8.
Bc5 Ng6 9. Bxf8 Nxf8 10. Qd6 Qe7 11. Qg3 Ng6 12. h4 O-O 13. h5 Nh8 14. O-O-O f6
15. f4 h6 16. Qe3 Nf7 17. Kb1 Rb8 18. Bd3 Nb4 19. Be2 d6 20. Nd4 Bd7 21. Bg4
Rfe8 22. Qh3 Rb7 23. Qg3 Rc8 24. Rhe1 Nc6 25. Nd5 exd5 26. Nxc6 Rxc6 27. exd5
Qd8 28. dxc6 Bxc6 29. Be6 Kf8 30. Qd3 1-0

[Event "Paris ch 2005"]
[Site "Paris FRA"]
[Date "2005.07.17"]
[Round "9.30"]
[White "Le Quang, Kim"]
[Black "Verdier, Patrice"]
[Result "1-0"]
[WhiteElo "2330"]
[BlackElo "2252"]
[PlyCount "63"]
[EventDate "2005.07.09"]
[EventType "swiss"]
[EventRounds "9"]
[EventCountry "FRA"]
[Source "lmi"]
[SourceDate "2005.07.17"]

1. c4 b6 2. Nc3 Bb7 3. e4 c5 4. d3 g6 5. f4 Bg7 6. Nf3 d6 7. Be2 e6 8. f5 exf5
9. exf5 Ne7 10. fxg6 hxg6 11. Bf4 Nf5 12. Qd2 Nc6 13. O-O-O Qd7 14. Rde1 O-O-O
15. Bd1 Ncd4 16. Ng5 b5 17. Nge4 Ne6 18. g4 Nxf4 19. Qxf4 Be5 20. Qg5 f6 21.
Nxf6 Bxf6 22. Qxf6 Bxh1 23. gxf5 Rxh2 24. fxg6 Re8 25. Rg1 Qd8 26. Qf7 Re7 27.
Qf5+ Kb8 28. Nxb5 Qh8 29. d4 Be4 30. Qf4 Qg8 31. Nxd6 Rg2 32. Nxe4+ 1-0

[Event "Paris ch 2005"]
[Site "Paris FRA"]
[Date "2005.07.17"]
[Round "9.31"]
[White "Houhou, Olivier"]
[Black "Pira, Davoud"]
[Result "0-1"]
[WhiteElo "2253"]
[BlackElo "2385"]
[PlyCount "135"]
[EventDate "2005.07.09"]
[EventType "swiss"]
[EventRounds "9"]
[EventCountry "FRA"]
[Source "lmi"]
[SourceDate "2005.07.17"]

1. e4 g6 2. d4 Bg7 3. Nc3 d6 4. Nf3 a6 5. Be3 b5 6. Bd3 Bb7 7. a4 b4 8. Ne2 Nf6
9. Ng3 Nbd7 10. O-O O-O 11. Qd2 c5 12. c3 d5 13. e5 Ne4 14. Bxe4 dxe4 15. Ng5
bxc3 16. bxc3 Qa5 17. N5xe4 Rfd8 18. Qa2 cxd4 19. cxd4 Bd5 20. Bd2 Bxa2 21.
Bxa5 Bc4 22. Bxd8 Bxf1 23. Bxe7 Bd3 24. Nc5 Nxc5 25. Bxc5 Rb8 26. Ba3 Rb3 27.
Nf1 Bh6 28. g3 Be4 29. f4 Rd3 30. Bc5 g5 31. Re1 Bc6 32. fxg5 Bxg5 33. a5 Bd5
34. Bb6 Kg7 35. h4 Bh6 36. g4 Bf4 37. Kf2 Rf3+ 38. Ke2 Rh3 39. Bd8 h6 40. Bf6+
Kh7 41. g5 h5 42. Kf2 Kg6 43. Re2 Rxh4 44. Ne3 Bc6 45. Ng2 Rh2 46. Kg1 Bg3 47.
Nf4+ Bxf4 48. Rxh2 Bd5 49. Rh4 Bd2 50. Bd8 Be1 51. Rf4 h4 52. Rf6+ Kh5 53. Kf1
Bd2 54. Rf2 Be3 55. Rh2 Bf4 56. Rf2 h3 57. g6 h2 58. Rxh2+ Bxh2 59. g7 f5 60.
exf6 Bf4 61. Ke2 Kg6 62. Kd3 Kf7 63. Kc3 Ke8 64. Be7 Kd7 65. Kb4 Kc6 66. Ka4
Be6 67. Kb4 Bd2+ 68. Ka4 0-1

[Event "Paris ch 2005"]
[Site "Paris FRA"]
[Date "2005.07.17"]
[Round "9.32"]
[White "Boukobza, Adrien"]
[Black "Schlawin, Marlon"]
[Result "0-1"]
[WhiteElo "2164"]
[BlackElo "2302"]
[PlyCount "106"]
[EventDate "2005.07.09"]
[EventType "swiss"]
[EventRounds "9"]
[EventCountry "FRA"]
[Source "lmi"]
[SourceDate "2005.07.17"]

1. d4 e6 2. c4 Bb4+ 3. Nc3 b6 4. Nf3 Bb7 5. e3 Nf6 6. Bd3 O-O 7. O-O c5 8. a3
Bxc3 9. bxc3 Ne4 10. Qc2 f5 11. Nd2 Qh4 12. f3 Ng5 13. Nb3 d6 14. Qf2 Qxf2+ 15.
Rxf2 e5 16. h4 Ne6 17. Bb2 Nd7 18. Rd1 g6 19. Bc1 Nf6 20. d5 Ng7 21. Bd2 Ngh5
22. Rb1 Bc8 23. Kh2 Kg7 24. Be2 h6 25. g3 g5 26. hxg5 hxg5 27. Kg2 g4 28. fxg4
Nxg4 29. Bxg4 fxg4 30. Rxf8 Kxf8 31. Rh1 Nf6 32. Rh8+ Ng8 33. Be1 Kg7 34. Rh1
Bf5 35. Nd2 Nf6 36. Kf2 Bd3 37. e4 Bxe4 38. Nxe4 Nxe4+ 39. Ke3 Nf6 40. Bf2 Rh8
41. Ra1 Rh3 42. a4 Nh5 43. Rg1 Kg6 44. Ke2 Kf5 45. Ke3 Rh2 46. a5 bxa5 47. Ra1
Rh3 48. Rxa5 Nxg3 49. Bxg3 Rxg3+ 50. Kf2 Rxc3 51. Rxa7 Rxc4 52. Ra6 Ke4 53.
Rxd6 Rd4 0-1

[Event "Paris ch 2005"]
[Site "Paris FRA"]
[Date "2005.07.17"]
[Round "9.33"]
[White "Leconte, Maria"]
[Black "Demarre, Jacques"]
[Result "1/2-1/2"]
[WhiteElo "2296"]
[BlackElo "2221"]
[PlyCount "44"]
[EventDate "2005.07.09"]
[EventType "swiss"]
[EventRounds "9"]
[EventCountry "FRA"]
[Source "lmi"]
[SourceDate "2005.07.17"]

1. e4 e5 2. Nf3 Nc6 3. Nc3 g6 4. d4 exd4 5. Nd5 Bg7 6. Bg5 Nce7 7. Nxd4 c6 8.
Nxe7 Nxe7 9. Qd2 h6 10. Bh4 d5 11. O-O-O dxe4 12. Qe3 Qb6 13. Nb5 Qxe3+ 14.
fxe3 Be5 15. Bf6 Bxf6 16. Nc7+ Kf8 17. Rd8+ Kg7 18. Rxh8 Kxh8 19. Nxa8 Be5 20.
Bc4 Kg7 21. Rd1 Bxh2 22. Rd8 Kf6 1/2-1/2

[Event "Paris ch 2005"]
[Site "Paris FRA"]
[Date "2005.07.17"]
[Round "9.34"]
[White "Callet, Emmanuel"]
[Black "Templier, Nicolas"]
[Result "1/2-1/2"]
[WhiteElo "2223"]
[BlackElo "2290"]
[PlyCount "37"]
[EventDate "2005.07.09"]
[EventType "swiss"]
[EventRounds "9"]
[EventCountry "FRA"]
[Source "lmi"]
[SourceDate "2005.07.17"]

1. Nf3 Nf6 2. d4 e6 3. c4 Bb4+ 4. Bd2 Qe7 5. g3 Nc6 6. Bg2 Bxd2+ 7. Nbxd2 d6 8.
O-O O-O 9. e4 e5 10. d5 Nb8 11. b4 a5 12. a3 Bg4 13. Qc2 Na6 14. Rab1 c6 15.
dxc6 bxc6 16. h3 Be6 17. Ne1 Qa7 18. Qc3 Nd7 19. Nd3 1/2-1/2